The Politics of belonging: (Record no. 3808)

000 -LEADER
fixed length control field 00442nam a22001457a 4500
003 - CONTROL NUMBER IDENTIFIER
control field OSt
005 - DATE AND TIME OF LATEST TRANSACTION
control field 20170330121052.0
008 - FIXED-LENGTH DATA ELEMENTS--GENERAL INFORMATION
fixed length control field 170330b xxu||||| |||| 00| 0 eng d
050 ## - LIBRARY OF CONGRESS CALL NUMBER
Classification number JC311.M64 2016
100 ## - MAIN ENTRY--PERSONAL NAME
Personal name Mohammed, Abbas Lujain
245 ## - TITLE STATEMENT
Title The Politics of belonging:
Remainder of title A case study on the antagonism of the Kenyan state and Somali identities.
Statement of responsibility, etc Lujain Abba Mohammed
260 ## - PUBLICATION, DISTRIBUTION, ETC. (IMPRINT)
Place of publication, distribution, etc Nairobi
Date of publication, distribution, etc 2016
300 ## - PHYSICAL DESCRIPTION
Extent 54 P.
942 ## - ADDED ENTRY ELEMENTS (KOHA)
Source of classification or shelving scheme
Koha item type Research Project
Holdings
Withdrawn status Lost status Source of classification or shelving scheme Damaged status Not for loan Home library Current library Shelving location Date acquired Total Checkouts Full call number Barcode Date last seen Price effective from Koha item type
          Riara University Library Riara University Library Special Collection 30/03/2017   RUSC JC311.M64 2016 8928/17 30/03/2017 30/03/2017 Research Project

Riara University Library,
P.O. Box 49940-00100,
Nairobi, Kenya.